| 000 | 01024nam a22002537a 4500 | ||
|---|---|---|---|
| 005 | 20170124102928.0 | ||
| 010 | _aA-954603 | ||
| 020 | _c300.00 | ||
| 035 | _aA-954603 | ||
| 037 | _bCen Lib/Ret | ||
| 040 |
_aDPL _bHN |
||
| 082 |
_a781.24 _bवेर्माच |
||
| 100 |
_aवर्मा, चमनलाल _944252 |
||
| 245 |
_aसंगीत पीयूष निधि / _cचमनलाल वर्मा |
||
| 246 |
_aSangeet piyush nidhi / _bby Chamanlal Verma |
||
| 260 |
_bनिर्मल पब्लिकेशन्स _aदिल्ली _c1998 |
||
| 270 |
_aए-139, गली न. 3, कबीर नगर, शाहदरा _bदिल्ली _e110094 |
||
| 300 |
_a60,18पृ. : _c20सेमी (सजिल्द) _bचित्र |
||
| 650 |
_aहिंदी -- साहित्य _944253 |
||
| 650 |
_aसंगीत _9102 |
||
| 650 |
_aHindi -- literature _944254 |
||
| 650 |
_aMusic _94778 |
||
| 942 |
_2ddc _cHN _h781.24 _mवेर्माच |
||
| 999 |
_c111727 _d111727 |
||